000 00276nam a22001217a 4500
040 _cSY
082 _a743
100 _aមាស មករា
245 _aការគូរផែនទីព្រៃឈើ
260 _aRUA
_bមាស
_c2005
300 _a14p.
942 _cKB
999 _c9144
_d9144